000 00794cam a2200241 4500500
005 20260329010136.0
041 _afre
042 _adc
100 1 0 _aChomsky, Noam
_eauthor
700 1 0 _aIan Roberts, Ian Roberts
_eauthor
700 1 0 _aJeffrey Watumull, Jeffrey Watumull
_eauthor
245 0 0 _aLes fausses promesses de ChatGPT
260 _c2023.
500 _a82
690 _aBanalité du mal
690 _aBorges
690 _aChatGPT
690 _aIntelligence Artificielle
690 _aNoam Chomsky
690 _aTechnologies
786 0 _nPhilosophie magazine - Hors séries | Hors série - Pritemps 2023 | HS57 | 2023-04-01 | p. 15-16 | 2104-9246
856 4 1 _uhttps://shs.cairn.info/magazine-philosophie-magazine-2023-3-page-15?lang=fr&redirect-ssocas=7080
999 _c1849839
_d1849839